| 000 | 004130000a22001690004500 | ||
|---|---|---|---|
| 003 | LK-CoMWRAF | ||
| 008 | 230817t ||||| |||| 00| 0 eng d | ||
| 020 | _a9555991170 | ||
| 040 |
_aLK-CoMWRAF _dLK-CoMWRAF _eLK-CoMWRAF |
||
| 041 | _aeng | ||
| 082 |
_a025 _bWIJ _b |
||
| 100 | _aWijenaike, Punyakante | ||
| 245 |
_aAn enemy within _b |
||
| 260 |
_aRatmalana _bVishva Lekha _c1998 |
||
| 300 | _ap.149 | ||
| 942 | _cBK | ||
| 999 |
_c2946 _d2946 |
||